Anniversary materials Quiz Stats

 Plays Quiz not verified by Sporcle

Score 0/20 Timer 02:00
0 Plays Today
Year Material % Correct
1Paper
90.9%
25Silver
90.9%
50Gold
90.9%
75Diamond
72.7%
2Cotton
63.6%
5Wood
63.6%
3Leather
54.5%
11Steel
54.5%
12Silk
54.5%
100Platinum
54.5%
Year Material % Correct
4Linen
45.5%
6Iron
45.5%
7Wool
45.5%
8Bronze
36.4%
9Copper
36.4%
10Tin
36.4%
15Crystal
27.3%
14Ivory
18.2%
13Lace
9.1%
20China
9.1%

You're not logged in!

Compare scores with friends on all Sporcle quizzes.
OR
Log In

Show Comments

Extras

Created Feb 12, 2012ReportNominate
Tags:anniversary, material

Top Quizzes Today


Score Distribution

Your Account Isn't Verified!

In order to create a playlist on Sporcle, you need to verify the email address you used during registration. Go to your Sporcle Settings to finish the process.

Report this User

Report this user for behavior that violates our Community Guidelines.

Details: